[Event "Najdorf Mem Open A 2016"]
[Site "Warsaw POL"]
[Date "2016.07.10"]
[Round "3.43"]
[White "Tomaszewski, Kacper"]
[Black "Tania, Sachdev"]
[Result "0-1"]
[BlackTitle "IM"]
[WhiteElo "2172"]
[BlackElo "2398"]
[WhiteFideId "1127373"]
[BlackFideId "5007844"]
[EventDate "2016.07.08"]

1. d4 Nf6 2. c4 e6 3. Nc3 Bb4 4. f3 O-O 5. a3 Bxc3+ 6. bxc3 Nh5 7. Nh3 f5 8. e3
d6 9. Nf2 Nf6 10. Bd3 e5 11. Qc2 Qd7 12. c5 Nc6 13. Qa2+ Kh8 14. cxd6 cxd6 15.
d5 Ne7 16. c4 b5 17. O-O Ba6 18. e4 bxc4 19. Bxc4 Bxc4 20. Qxc4 Rac8 21. Qd3
fxe4 22. fxe4 Nh5 23. g3 Rf7 24. Qe2 Nf6 25. Bd2 Rcf8 26. Bb4 h6 27. Nd3 a5 28.
Bd2 Qa4 29. Nf2 Nd7 30. Be3 Rb8 31. Qh5 Rbf8 32. Qd1 Qb5 33. Rb1 Qa6 34. Qd3 Qc8
35. Rbc1 Qe8 36. Ng4 h5 37. Rxf7 Qxf7 38. Nf2 h4 39. Rc7 Nf6 40. Qe2 hxg3 41.
hxg3 Qg6 42. Rxe7 Qxg3+ 43. Kf1 Ng4 44. Ba7 Qh4 45. Ke1 Qxe7 46. Nxg4 Qxa7 47.
Ne3 g6 48. a4 Qd4 49. Ng4 Qb4+ 0-1

[Event "Najdorf Mem Open A 2016"]
[Site "Warsaw POL"]
[Date "2016.07.10"]
[Round "3.44"]
[White "Menezes, Christoph"]
[Black "Strugnell, Carl"]
[Result "1-0"]
[WhiteTitle "IM"]
[BlackTitle "FM"]
[WhiteElo "2398"]
[BlackElo "2238"]
[WhiteFideId "1617001"]
[BlackFideId "616753"]
[EventDate "2016.07.08"]

1. c4 Nf6 2. g3 e6 3. Bg2 d5 4. Nf3 d4 5. O-O c5 6. e3 Nc6 7. exd4 cxd4 8. d3
Bd6 9. Bg5 h6 10. Bxf6 Qxf6 11. Nbd2 Qe7 12. Re1 O-O 13. Nb3 Qf6 14. Nfd2 Bc7
15. a3 Qg6 16. Qe2 e5 17. Nc5 a5 18. Rab1 Rb8 19. b4 axb4 20. axb4 b6 21. b5
bxc5 22. Bxc6 Ba5 23. Red1 Bxd2 24. Rxd2 Bh3 25. Rdb2 Bf5 26. Qxe5 Bxd3 27. Re1
Bxc4 28. Qxc5 Qd3 29. Rbb1 Bb3 30. Qb4 Bc2 31. Rb2 Rfc8 32. Be4 Qxe4 33. Rxe4
Bxe4 34. f3 Bxf3 35. Qxd4 f5 36. b6 Rb7 37. Rf2 Rc1+ 38. Rf1 Rxf1+ 39. Kxf1 Rf7
40. Kf2 Bb7 41. Qd8+ Kh7 42. h4 f4 43. gxf4 Rxf4+ 44. Ke3 Rf3+ 45. Kd4 Rf4+ 46.
Kd3 Rf3+ 47. Ke2 Rf7 48. Qd3+ Kg8 49. Qd6 h5 50. Qg6 Re7+ 51. Kd3 Re5 52. Kd4
Rd5+ 53. Kc4 Re5 54. Qd6 Re4+ 55. Kd3 Rg4 56. Qb8+ 1-0

[Event "Najdorf Mem Open A 2016"]
[Site "Warsaw POL"]
[Date "2016.07.10"]
[Round "3.46"]
[White "Arat, Ufuk Sezen"]
[Black "Bus, Konrad"]
[Result "0-1"]
[WhiteTitle "IM"]
[WhiteElo "2402"]
[BlackElo "2216"]
[WhiteFideId "6309089"]
[BlackFideId "1148362"]
[EventDate "2016.07.08"]

1. c4 e5 2. g3 Nf6 3. Nc3 Bb4 4. Bg2 O-O 5. Nf3 Re8 6. O-O e4 7. Ng5 Bxc3 8.
dxc3 d6 9. f3 exf3 10. exf3 Nc6 11. Nh3 b6 12. b3 h6 13. Nf4 Bf5 14. Re1 Rxe1+
15. Qxe1 Qd7 16. Be3 Re8 17. Qd2 Ne5 18. g4 Bh7 19. h4 Nfxg4 20. fxg4 Qxg4 21.
Qf2 Be4 22. Rf1 Nf3+ 23. Kh1 Nxh4 24. Bxe4 Rxe4 25. Qg1 Qf5 26. Qg3 Ng6 27. Rf2
Nxf4 28. Bxf4 Re1+ 29. Kg2 Qb1 30. Qf3 Qg6+ 31. Bg3 Qe4 32. Qxe4 Rxe4 33. Kf3 f5
34. Rh2 Kf7 35. Bf2 Re6 36. a4 g5 37. a5 Kg6 38. Rh1 f4 39. a6 Kf5 40. Kg2 g4
41. Bd4 Kg5 42. Ra1 h5 43. b4 f3+ 44. Kg1 g3 45. c5 dxc5 46. bxc5 h4 47. c4 h3
48. cxb6 h2+ 49. Kh1 cxb6 50. c5 Kg4 0-1

[Event "Najdorf Mem Open A 2016"]
[Site "Warsaw POL"]
[Date "2016.07.10"]
[Round "3.47"]
[White "Niekras, Dawid"]
[Black "Piscopo, Pierluigi"]
[Result "1/2-1/2"]
[BlackTitle "IM"]
[WhiteElo "2255"]
[BlackElo "2429"]
[WhiteFideId "1160451"]
[BlackFideId "809152"]
[EventDate "2016.07.08"]

1. e4 Nf6 2. e5 Nd5 3. Nc3 c6 4. Ne4 d6 5. d4 Bf5 6. Ng3 Bg6 7. a3 e6 8. c4 Ne7
9. Nf3 Nf5 10. Be2 dxe5 11. Nxf5 Bxf5 12. Nxe5 Bd6 13. O-O Nd7 14. Nxd7 Qxd7 15.
b3 O-O 16. Bb2 Rfe8 17. Bf3 Rad8 18. Qc1 Qc7 19. g3 Be7 20. Qe3 Qb6 21. b4 a5
22. c5 Qc7 23. h4 h6 24. Rfe1 Bh7 25. Qe2 Bf6 26. Rad1 axb4 27. axb4 Qd7 28. Qc4
Ra8 29. Ra1 Red8 30. Rxa8 Rxa8 31. Ra1 Rxa1+ 32. Bxa1 g5 33. hxg5 hxg5 34. Kg2
Bf5 35. g4 Bg6 36. Qc3 Kf8 37. Bb2 Ke7 38. Qe3 Kd8 39. Bc3 Kc8 40. Qd2 Kb8 41.
Qe3 Kc8 1/2-1/2

[Event "Najdorf Mem Open A 2016"]
[Site "Warsaw POL"]
[Date "2016.07.10"]
[Round "3.48"]
[White "Molenda, Marcin"]
[Black "Deszczynski, Adam"]
[Result "0-1"]
[WhiteElo "2267"]
[BlackElo "2366"]
[WhiteFideId "1173065"]
[BlackFideId "1102753"]
[EventDate "2016.07.08"]

1. d4 Nf6 2. Nf3 g6 3. c4 Bg7 4. g3 c6 5. Bg2 d5 6. Nc3 dxc4 7. O-O O-O 8. a4 a5
9. e4 Bg4 10. Be3 e5 11. dxe5 Nfd7 12. h3 Bxf3 13. Bxf3 Nxe5 14. Be2 Na6 15. f4
Nd3 16. Qb1 Bd4 17. Bxd4 Qxd4+ 18. Kh2 Nac5 19. Ra3 Rad8 20. e5 f6 21. exf6 Rxf6
22. Bf3 Re6 23. Qc2 Ne1 24. Qd1 Qd2+ 25. Kh1 Nc2 26. Ra2 Ne3 27. Qxd2 Rxd2 28.
Re1 Nf5 0-1

[Event "Najdorf Mem Open A 2016"]
[Site "Warsaw POL"]
[Date "2016.07.10"]
[Round "3.49"]
[White "Stoma, Pawel"]
[Black "Adamski, Jan"]
[Result "1-0"]
[BlackTitle "IM"]
[WhiteElo "2365"]
[BlackElo "2279"]
[WhiteFideId "1113569"]
[BlackFideId "1100190"]
[EventDate "2016.07.08"]

1. e4 c5 2. Nf3 a6 3. d4 cxd4 4. c3 dxc3 5. Nxc3 Nc6 6. Bc4 d6 7. O-O Nf6 8. h3
e6 9. Qe2 Be7 10. Rd1 Bd7 11. Bf4 b5 12. Bb3 Qb8 13. Rd2 O-O 14. Rad1 b4 15. Na4
Ne5 16. Bxe5 Bb5 17. Bxf6 Bxe2 18. Bxe7 Bxd1 19. Rxd1 Rd8 20. e5 d5 21. Rd4 Rc8
22. Rg4 f5 23. Rxb4 Qa7 24. Bg5 Rab8 25. Rd4 h6 26. Be3 Qe7 27. Bd2 Kh7 28. Ne1
Qa7 29. Be3 Qe7 30. Nd3 Rb5 31. Nc3 Rb7 32. Ra4 Rc6 33. f4 Qh4 34. Bf2 Qe7 35.
Kf1 Qc7 36. Ke2 Qb8 37. Kd2 Qf8 38. Bd1 Qc8 39. Ne2 Rc4 40. Ra3 Qb8 41. Bb3 Rb6
42. Bxb6 Qxb6 43. Bxc4 dxc4 44. Ne1 g5 45. g3 Qxb2+ 46. Nc2 gxf4 47. gxf4 Qb7
48. Rc3 Qd5+ 49. Ncd4 Kg6 50. Kc1 Kf7 51. Nc2 Qh1+ 52. Kb2 Qb7+ 53. Kc1 Qh1+ 54.
Kd2 Qd5+ 55. Ncd4 Qa5 56. a3 Qd5 57. Rf3 Qa5+ 58. Kd1 Qa4+ 59. Ke1 Qa5+ 60. Kf2
Qd5 61. Nc2 Qc5+ 62. Kg3 Qd5 63. Rc3 Qd1 64. Kf2 Qh1 65. Ne1 Qe4 66. Ng2 Qb7 67.
Rxc4 Qb3 68. Rc3 Qb6+ 69. Ne3 Kg6 70. Rd3 Qc5 71. a4 Qb4 72. Rd4 Qa3 1-0

[Event "Najdorf Mem Open A 2016"]
[Site "Warsaw POL"]
[Date "2016.07.10"]
[Round "3.50"]
[White "Michalczak, Thomas"]
[Black "Lewtak, Damian"]
[Result "0-1"]
[WhiteTitle "FM"]
[WhiteElo "2249"]
[BlackElo "2363"]
[WhiteFideId "4622634"]
[BlackFideId "1141724"]
[EventDate "2016.07.08"]

1. d4 Nf6 2. c4 e6 3. Nc3 Bb4 4. e3 O-O 5. Bd3 d6 6. Ne2 e5 7. Qc2 Re8 8. O-O
Bxc3 9. Nxc3 Nc6 10. d5 Nb4 11. Qd1 Nxd3 12. Qxd3 e4 13. Qd4 Bg4 14. h3 Bf5 15.
Ne2 Qd7 16. Kh2 Re5 17. b3 Bg6 18. Bb2 Rh5 19. Nf4 Rh6 20. Qd2 Bf5 21. Bxf6 Rxf6
22. Rh1 Rh6 23. Kg1 Re8 24. Qd4 b6 25. Kf1 Qe7 26. Rg1 Bd7 27. g4 g5 28. Nh5 f5
29. Ke2 fxg4 30. hxg4 Bxg4+ 31. Rxg4 Rxh5 32. Rag1 Qe5 33. Qxe5 Rxe5 34. Rf4 Rh2
35. Rgg4 h5 36. Rg3 Rh1 37. Kd2 Kg7 38. Kc3 a5 39. Rg2 g4 40. Kb2 Rh3 41. Rg3
Kg6 42. Rxh3 gxh3 43. Rh4 Rf5 44. Rxh3 Rxf2+ 45. Kc3 Rf3 46. Rh2 Rxe3+ 47. Kd4
Rg3 48. Kxe4 a4 49. bxa4 Kg5 50. Rf2 Rg4+ 51. Kd3 h4 52. Rf7 h3 53. Rxc7 h2 54.
Rg7+ Kf4 55. Rh7 Kg3 0-1

[Event "Najdorf Mem Open A 2016"]
[Site "Warsaw POL"]
[Date "2016.07.10"]
[Round "3.51"]
[White "Webersberger, Johann"]
[Black "Gumularz, Szymon"]
[Result "1-0"]
[WhiteTitle "FM"]
[WhiteElo "2362"]
[BlackElo "2267"]
[WhiteFideId "1611100"]
[BlackFideId "1188062"]
[EventDate "2016.07.08"]

1. d4 f5 2. Nc3 Nf6 3. Bg5 d5 4. e3 e6 5. Nf3 a6 6. Bd3 Be7 7. O-O O-O 8. Ne2 c5
9. dxc5 Bxc5 10. c4 dxc4 11. Bxc4 Qe7 12. Ng3 Kh8 13. e4 h6 14. Nh4 Kh7 15. exf5
hxg5 16. Ng6 Qe8 17. fxe6 Kh6 18. Rc1 b6 19. Nxf8 Bxf8 20. Qf3 Ra7 21. Nf5+ Kh7
22. Qh3+ Qh5 23. Qxh5+ Nxh5 24. e7 Bxe7 25. Nxe7 Rxe7 26. Bd3+ Bf5 27. Bxf5+ 1-0

[Event "Najdorf Mem Open A 2016"]
[Site "Warsaw POL"]
[Date "2016.07.10"]
[Round "3.52"]
[White "Szostko, Jakub"]
[Black "Lokander, Martin"]
[Result "0-1"]
[WhiteTitle "FM"]
[BlackTitle "FM"]
[WhiteElo "2246"]
[BlackElo "2359"]
[WhiteFideId "1174282"]
[BlackFideId "1709569"]
[EventDate "2016.07.08"]

1. e4 e5 2. Nf3 Nc6 3. Bb5 a6 4. Bxc6 dxc6 5. O-O Bg4 6. h3 h5 7. d3 Qf6 8. Nbd2
g5 9. Nc4 Bxf3 10. Qxf3 Qxf3 11. gxf3 f6 12. h4 gxh4 13. f4 b5 14. Na5 exf4 15.
Bxf4 Kd7 16. Kg2 Ne7 17. Be3 Bh6 18. Rg1 Bxe3 19. fxe3 f5 20. Kh3 Rag8 21. Rxg8
Rxg8 22. Kxh4 fxe4 23. dxe4 Rg2 24. Rc1 Rg4+ 25. Kxh5 Rxe4 26. Nb3 Kd6 27. Rd1+
Nd5 28. Rd4 Rxd4 29. exd4 Nb4 30. Nc5 Nxc2 31. Nxa6 Nxd4 32. Kg4 c5 33. Kf4 c4
34. Ke4 c5 35. Nb4 cxb4 36. Kxd4 Kc6 37. Ke4 Kc5 38. Ke3 Kd5 39. Kd2 Kd4 40. Kc2
Ke3 41. Kc1 Kd3 42. Kd1 c3 43. Kc1 c2 44. a3 bxa3 45. bxa3 Kc3 46. a4 b4 0-1

[Event "Najdorf Mem Open A 2016"]
[Site "Warsaw POL"]
[Date "2016.07.10"]
[Round "3.53"]
[White "Nebolsina, Vera"]
[Black "Raja, Harshit"]
[Result "1-0"]
[WhiteTitle "WGM"]
[WhiteElo "2226"]
[BlackElo "2351"]
[WhiteFideId "4163591"]
[BlackFideId "5089000"]
[EventDate "2016.07.08"]

1. Nf3 Nf6 2. g3 g6 3. Bg2 Bg7 4. O-O O-O 5. d4 d5 6. c4 dxc4 7. Na3 c3 8. bxc3
c5 9. e3 Nc6 10. Qe2 Bf5 11. Rd1 Qb6 12. Ne1 cxd4 13. cxd4 Rfd8 14. Bb2 Rac8 15.
h3 Be6 16. Nd3 Qa6 17. Qe1 b6 18. Rac1 Qa4 19. Nb1 Na5 20. Nc3 Qe8 21. Nf4 Bc4
22. h4 Nc6 23. Bh3 e6 24. Ba3 b5 25. Bc5 Nd7 26. Ne4 Nxc5 27. dxc5 Ne5 28. Bg2
Qe7 29. a4 Rxd1 30. Qxd1 f5 31. Qd6 Qc7 32. Qxc7 Rxc7 33. Nd6 a6 34. axb5 axb5
35. Nxc4 Rxc5 36. Nxe6 Rxc4 37. Rd1 Bf6 38. Bd5 Rb4 39. Rc1 Nc4 40. Nc7+ Kf8 41.
Bc6 Nd6 42. Rd1 Be7 43. Ra1 Kf7 44. Ra7 Rb1+ 45. Kg2 Rc1 46. Nd5 Nc8 47. Rc7 Ke6
48. Rxc8 Rxc6 49. Nxe7 Rd6 50. Rc7 b4 51. Nc6 1-0

[Event "Najdorf Mem Open A 2016"]
[Site "Warsaw POL"]
[Date "2016.07.10"]
[Round "3.54"]
[White "Fakhrutdinov, Timur"]
[Black "Winiarski, Mikolaj"]
[Result "1/2-1/2"]
[WhiteTitle "FM"]
[WhiteElo "2350"]
[BlackElo "2209"]
[WhiteFideId "24176702"]
[BlackFideId "1159984"]
[EventDate "2016.07.08"]

1. e4 c5 2. Nf3 d6 3. d4 cxd4 4. Nxd4 Nf6 5. Nc3 g6 6. Be3 Bg7 7. f3 O-O 8. Qd2
Nc6 9. Bc4 Bd7 10. Bb3 Nxd4 11. Bxd4 b5 12. a4 bxa4 13. Bxa4 h5 14. Bb3 a5 15.
O-O Be6 16. Bxe6 fxe6 17. Ra4 Rb8 18. Nd1 Qc7 19. Bc3 Qc5+ 20. Nf2 Rb5 21. Rfa1
Kh7 22. Bd4 Qc6 23. Rxa5 e5 24. Rxb5 Qxb5 25. Bc3 Bh6 26. Qd3 Qb6 27. Qa6 Qe3
28. Re1 Qc5 29. Qa5 Qc6 30. Qa7 Rf7 31. Nd3 Kg7 32. h3 g5 33. Qf2 g4 34. hxg4
hxg4 35. Bxe5 dxe5 36. Nxe5 Qe8 37. Nxf7 Qxf7 38. Qg3 Qe6 39. e5 Nd5 40. Re4
Be3+ 41. Kh1 Qh6+ 42. Qh2 gxf3 43. gxf3 Bf4 44. Qxh6+ Bxh6 45. c4 Nc7 46. c5 Kf7
47. Rb4 Nd5 48. Rb7 Bf4 49. b4 Bxe5 50. b5 Bd4 51. c6 Bb6 52. Kh2 Ke6 53. Rd7
Nf6 54. Rd2 Nd5 55. Kg3 Kd6 56. Kg4 e6 57. f4 Kc5 58. f5 exf5+ 59. Kxf5 Nc7 60.
Ke5 Kxb5 61. Kd6 1/2-1/2

[Event "Najdorf Mem Open A 2016"]
[Site "Warsaw POL"]
[Date "2016.07.10"]
[Round "3.55"]
[White "Eggink, Ryszard"]
[Black "Dabrowska, Krystyna"]
[Result "1-0"]
[BlackTitle "WGM"]
[WhiteElo "2345"]
[BlackElo "2228"]
[WhiteFideId "1125869"]
[BlackFideId "1104454"]
[EventDate "2016.07.08"]

1. d4 Nf6 2. c4 e6 3. g3 c5 4. d5 exd5 5. cxd5 d6 6. Nc3 Nbd7 7. Nf3 a6 8. a4
Be7 9. Bg2 O-O 10. O-O Rb8 11. a5 Re8 12. e4 Bf8 13. Qc2 b5 14. axb6 Nxb6 15. b3
g6 16. Bb2 Bg7 17. Nd2 Qc7 18. Rfc1 h5 19. Nd1 Qe7 20. Ne3 h4 21. Re1 hxg3 22.
hxg3 Nh5 23. Ndc4 Nxc4 24. Nxc4 Bxb2 25. Qxb2 f6 26. Qc3 g5 27. Reb1 Rd8 28. b4
cxb4 29. Rxb4 Rxb4 30. Qxb4 Ng7 31. Na5 Qf8 32. Rc1 Bg4 33. Nc6 Rc8 34. e5 Bd7
35. exd6 Kh8 36. Re1 Re8 37. Re7 Rxe7 38. dxe7 Qe8 39. Qd6 Nh5 40. Nb8 Bc8 41.
Qd8 Ng7 42. d6 Kh7 43. Bc6 Qh5 44. Qxc8 Qd1+ 45. Kg2 Qxd6 46. e8=Q Nxe8 47. Qxe8 1-0

[Event "Najdorf Mem Open A 2016"]
[Site "Warsaw POL"]
[Date "2016.07.10"]
[Round "3.56"]
[White "Flak, Pawel"]
[Black "Zaksaite, Salomeja"]
[Result "0-1"]
[BlackTitle "WIM"]
[WhiteElo "2204"]
[BlackElo "2336"]
[WhiteFideId "1117548"]
[BlackFideId "12801496"]
[EventDate "2016.07.08"]

1. d4 Nf6 2. c4 e5 3. Nf3 exd4 4. Nxd4 Bb4+ 5. Bd2 Bxd2+ 6. Nxd2 O-O 7. e3 d5 8.
Be2 c5 9. N4b3 b6 10. cxd5 Nxd5 11. O-O Nc6 12. a3 Bb7 13. Qc2 Qe7 14. Rfe1 Ne5
15. Nf3 Ng4 16. Bd3 Ndf6 17. Nbd2 Rad8 18. e4 Qd6 19. Bf1 Ne5 20. Rad1 Nxf3+ 21.
Nxf3 Bxe4 22. Qc4 Qxd1 23. Rxd1 Rxd1 24. Ne5 Bd5 25. Qc2 Rd4 26. Bb5 Rd8 27. h3
h6 28. Kh2 Be4 29. Qb3 R8d5 30. Nc6 Rg5 31. g4 Rd2 32. Qg3 Rxb2 33. Nxa7 Rb1 34.
f3 Rb2+ 35. Kg1 Rd5 36. fxe4 Rd1+ 37. Bf1 Nxe4 38. Qb8+ Kh7 39. Qf4 Ng5 40. Qe3
Rbb1 41. h4 Rxf1+ 42. Kg2 Rbe1 43. Qd3+ Ne4 44. Qxf1 Rxf1 45. Kxf1 Nd6 46. Ke2
Kg6 47. Kf3 Kf6 48. Kg3 Ke5 49. Nc6+ Kd5 50. Ne7+ Ke4 51. a4 c4 52. Nc6 c3 53.
Nb4 Ke3 54. g5 hxg5 55. hxg5 Kd2 56. Kf4 c2 57. Na2 f6 58. g6 c1=Q 59. Nxc1 Kxc1
60. Ke3 Kc2 0-1

[Event "Najdorf Mem Open A 2016"]
[Site "Warsaw POL"]
[Date "2016.07.10"]
[Round "3.57"]
[White "Jaroch, Karol"]
[Black "Buckels, Valentin"]
[Result "1-0"]
[WhiteElo "2203"]
[BlackElo "2332"]
[WhiteFideId "1130609"]
[BlackFideId "12942766"]
[EventDate "2016.07.08"]

1. e4 e5 2. Nf3 Nc6 3. Bc4 Bc5 4. d3 Nf6 5. Nc3 h6 6. Be3 Bb4 7. O-O Bxc3 8.
bxc3 O-O 9. Bb5 Qe7 10. h3 Nd8 11. Ba4 d6 12. Bb3 c5 13. Nd2 Ne6 14. Bxe6 fxe6
15. f4 exf4 16. Bxf4 e5 17. Bg3 Qe8 18. Nc4 Qg6 19. Kh2 Nh7 20. Rxf8+ Nxf8 21.
d4 b5 22. dxe5 Bb7 23. Nxd6 Bxe4 24. Qe2 Bxc2 25. Qxb5 Ne6 26. Rf1 Bd3 27. Qb7
Bxf1 28. Qxa8+ Kh7 29. Qe4 Qxe4 30. Nxe4 Bc4 31. a3 Kg6 32. Bf2 Bd5 33. Nd6 a6
34. c4 Bc6 35. g4 Ng5 36. Bxc5 Nf3+ 37. Kg3 Nxe5 38. Bd4 Nf3 39. Bc3 Ng1 40. Be5
Nf3 41. Bb2 Ng5 42. Nf5 Bd7 43. Nd6 Bc6 44. Nf5 Bd7 45. h4 Ne4+ 46. Kf4 Nd2 47.
c5 Nc4 48. Bc3 Kf7 49. Nxg7 Nxa3 50. Nf5 Nb5 51. Be5 h5 52. gxh5 Na7 53. Kg5 Nc6
54. Bf6 Kg8 55. Nd6 Kh7 56. Ne4 Nb4 57. Nc3 a5 58. Nb1 a4 59. Na3 Nd3 60. Bd4
Ne1 61. Bf2 Nd3 62. Be3 Ne5 63. Kf4 Ng4 64. c6 Bc8 65. Bc5 Kh6 66. Be7 Kxh5 67.
Nc4 Ba6 68. c7 Bc8 69. Nb6 Be6 70. Nxa4 Nh6 71. Nb6 Nf7 72. c8=Q Bxc8 73. Nxc8
Nh8 74. Bf6 Ng6+ 75. Kg3 Nxh4 76. Bxh4 Kg6 77. Nd6 Kh5 78. Be7 Kh6 79. Kg4 Kg6
80. Bg5 Kg7 81. Kf5 Kg8 82. Kg6 Kf8 83. Bh4 Kg8 84. Be7 Kh8 85. Nf7+ Kg8 86.
Nh6+ Kh8 87. Bf6# 1-0

[Event "Najdorf Mem Open A 2016"]
[Site "Warsaw POL"]
[Date "2016.07.10"]
[Round "3.58"]
[White "Warakomska, Anna"]
[Black "Zlatin, Alexander"]
[Result "1-0"]
[WhiteTitle "WIM"]
[WhiteElo "2321"]
[BlackElo "2146"]
[WhiteFideId "1130790"]
[BlackFideId "2810549"]
[EventDate "2016.07.08"]

1. e4 e5 2. Nf3 Nc6 3. Bb5 a6 4. Ba4 Nf6 5. O-O b5 6. Bb3 Bc5 7. a4 Rb8 8. axb5
axb5 9. Nxe5 Nxe5 10. d4 Bxd4 11. Qxd4 d6 12. f4 Ng6 13. c4 bxc4 14. Ba4+ Bd7
15. e5 dxe5 16. fxe5 Bxa4 17. Qxd8+ Rxd8 18. exf6 Bd7 19. fxg7 Rg8 20. Bg5 Rc8
21. Nc3 Rxg7 22. Nd5 Nf8 23. Nf6+ Ke7 24. Nxh7+ Ke8 25. Nf6+ Ke7 26. h4 Kd6 27.
Bh6 Rg6 28. Bxf8+ Rxf8 29. Rad1+ Kc6 30. Nxd7 1-0

[Event "Najdorf Mem Open A 2016"]
[Site "Warsaw POL"]
[Date "2016.07.10"]
[Round "3.59"]
[White "Rey, Fabrice"]
[Black "De Marchi, Olivier"]
[Result "0-1"]
[BlackTitle "FM"]
[WhiteElo "2128"]
[BlackElo "2286"]
[WhiteFideId "606820"]
[BlackFideId "613517"]
[EventDate "2016.07.08"]

1. d4 Nf6 2. c4 g6 3. g3 Bg7 4. Bg2 O-O 5. Nf3 d6 6. O-O c6 7. Nc3 Qb6 8. Qc2
Qa6 9. b3 b5 10. cxb5 cxb5 11. a4 b4 12. Na2 Qb6 13. Ne5 Bb7 14. Nc4 Qc7 15. e4
d5 16. Bf4 Qc8 17. Ne3 Nxe4 18. Nxb4 e6 19. Bxe4 dxe4 20. Be5 a5 21. Bxg7 Kxg7
22. Qxc8 Rxc8 23. Nbc2 Ba6 24. Rfc1 Nc6 25. Nc4 Rab8 26. Rab1 Rd8 27. h4 Kf6 28.
Re1 Bxc4 29. bxc4 Rxb1 30. Rxb1 Nxd4 31. Nxd4 Rxd4 32. Rb5 Rxc4 33. Rxa5 Rc1+
34. Kg2 Rc2 35. Kf1 Ra2 36. g4 h6 37. Ra7 Kg7 38. Kg1 e3 39. fxe3 Re2 40. a5
Rxe3 41. Kg2 Ra3 42. g5 hxg5 43. hxg5 0-1

[Event "Najdorf Mem Open A 2016"]
[Site "Warsaw POL"]
[Date "2016.07.10"]
[Round "3.60"]
[White "Martin, Julian"]
[Black "Piotrowski, Przemyslaw"]
[Result "1-0"]
[WhiteElo "2280"]
[BlackElo "2201"]
[WhiteFideId "12941000"]
[BlackFideId "1127063"]
[EventDate "2016.07.08"]

1. e4 c5 2. Nf3 d6 3. d4 cxd4 4. Nxd4 Nf6 5. Nc3 a6 6. Be3 e5 7. Nb3 Be6 8. Qd2
Nbd7 9. f4 b5 10. f5 Bxb3 11. axb3 Be7 12. Be2 O-O 13. Bf3 Nc5 14. b4 Ncd7 15.
g4 d5 16. Nxd5 Nxd5 17. Qxd5 Bh4+ 18. Ke2 Qc7 19. c3 Rfd8 20. g5 Nb6 21. Qc5
Qxc5 22. bxc5 Na4 23. Rhg1 f6 24. Rg4 Bxg5 25. Bxg5 fxg5 26. Rxg5 Nxb2 27. f6 g6
28. Bg4 Nd3 29. c6 Ra7 30. Bd7 Rc7 31. Rd1 Nc5 32. Rxe5 Nxd7 33. Re6 Kf7 34.
Red6 Nxf6 35. Rxd8 Rxc6 36. R8d6 Rc7 37. Rf1 1-0

[Event "Najdorf Mem Open A 2016"]
[Site "Warsaw POL"]
[Date "2016.07.10"]
[Round "3.61"]
[White "Skawinski, Arkadiusz"]
[Black "Eswaran, Ashritha"]
[Result "1-0"]
[WhiteTitle "FM"]
[BlackTitle "WIM"]
[WhiteElo "2355"]
[BlackElo "2211"]
[WhiteFideId "1126415"]
[BlackFideId "2080788"]
[EventDate "2016.07.08"]

1. d4 Nf6 2. Nf3 e6 3. Bf4 d5 4. e3 c5 5. c3 Nc6 6. Nbd2 Bd6 7. Bd3 Bxf4 8. exf4
cxd4 9. Nxd4 Nxd4 10. cxd4 Qb6 11. Nf3 Bd7 12. Qe2 Qb4+ 13. Qd2 Qxd2+ 14. Kxd2
Ng4 15. Rhf1 f6 16. h3 Nh6 17. Rac1 Nf7 18. Rfe1 Kd8 19. Nh2 Nd6 20. Nf1 Rc8 21.
Ne3 Rxc1 22. Rxc1 Bc6 23. f3 Kd7 24. Rg1 b5 25. b3 b4 26. a3 bxa3 27. Ra1 h5 28.
Rxa3 Ra8 29. h4 Nb5 30. Bxb5 Bxb5 31. Nd1 a6 32. Nc3 Bf1 33. g3 Kd6 34. Ra1 Bh3
35. Ra5 Bf1 36. f5 exf5 37. Rxd5+ Ke6 38. Ra5 Rb8 39. Ra1 Bb5 40. f4 g5 41. Ke3
gxh4 42. gxh4 Rg8 43. d5+ Kd6 44. Kd4 Rc8 45. Nxb5+ axb5 46. Ra6+ Ke7 47. Re6+
Kf7 48. Rb6 Ke7 49. Rxb5 Rc1 50. Rb7+ Kd6 51. Rb6+ Ke7 52. Re6+ Kf7 53. Re3 Rd1+
54. Kc5 Rc1+ 55. Kb6 Rd1 56. Kc6 Rc1+ 57. Kd7 Rf1 58. d6 Rxf4 59. Re7+ Kf8 60.
Ke6 Re4+ 61. Kxf6 Rd4 62. Ke6 Re4+ 63. Kd5 Rxh4 64. Rh7 Ke8 65. d7+ Kd8 66. Kc6
Rd4 67. Rh8+ Ke7 68. Re8+ Kf6 69. d8=Q+ Rxd8 70. Rxd8 f4 71. b4 Ke5 72. b5 f3
73. b6 f2 74. Rf8 1-0

[Event "Najdorf Mem Open A 2016"]
[Site "Warsaw POL"]
[Date "2016.07.10"]
[Round "3.62"]
[White "Thorarinsson, Pall A."]
[Black "Cajbel, Maciej"]
[Result "1/2-1/2"]
[WhiteElo "2274"]
[BlackElo "2208"]
[WhiteFideId "2300923"]
[BlackFideId "1123475"]
[EventDate "2016.07.08"]

1. e4 c5 2. Nf3 g6 3. d4 Bg7 4. d5 d6 5. c4 Nf6 6. Bd3 O-O 7. h3 e6 8. O-O exd5
9. exd5 Na6 10. Nc3 Nc7 11. a4 Rb8 12. Bg5 h6 13. Be3 b6 14. Qd2 Kh7 15. g4 Ng8
16. Nh2 f5 17. Ne2 a6 18. Ra2 b5 19. axb5 axb5 20. b3 bxc4 21. bxc4 Na6 22. gxf5
gxf5 23. Bb1 Qe8 24. Nf4 Nf6 25. Rxa6 Rxb1 26. Rxb1 Bxa6 27. Qc2 Ne4 28. Rb6 Bc8
29. Nf1 Rg8 30. Kh2 Be5 31. Ng3 Nxg3 32. fxg3 Qd8 33. Rb8 Qg5 34. Qf2 Qg7 35.
Qe1 Ba6 36. Rb1 Rd8 37. Nd3 Bxg3+ 38. Qxg3 Qxg3+ 39. Kxg3 1/2-1/2

[Event "Najdorf Mem Open A 2016"]
[Site "Warsaw POL"]
[Date "2016.07.10"]
[Round "3.63"]
[White "Dzierzak, Radoslaw"]
[Black "Paszewski, Mateusz"]
[Result "1/2-1/2"]
[WhiteElo "2204"]
[BlackElo "2270"]
[WhiteFideId "1161407"]
[BlackFideId "1141058"]
[EventDate "2016.07.08"]

1. e4 c6 2. d4 d5 3. Nd2 dxe4 4. Nxe4 Bf5 5. Ng3 Bg6 6. Nf3 Nd7 7. h4 h6 8. h5
Bh7 9. Bd3 Bxd3 10. Qxd3 e6 11. Bd2 Ngf6 12. O-O-O Be7 13. Kb1 O-O 14. Ne4 Nxe4
15. Qxe4 Nf6 16. Qe2 Qd5 17. Ne5 Qe4 18. Qxe4 Nxe4 19. Be3 Rfd8 20. g4 1/2-1/2

[Event "Najdorf Mem Open A 2016"]
[Site "Warsaw POL"]
[Date "2016.07.10"]
[Round "3.64"]
[White "Reza, Wojciech"]
[Black "Kumala, Aleksander"]
[Result "1/2-1/2"]
[WhiteElo "2266"]
[BlackElo "2207"]
[WhiteFideId "1151967"]
[BlackFideId "1141880"]
[EventDate "2016.07.08"]

1. e4 e6 2. e5 d5 3. exd6 Bxd6 4. d4 Nf6 5. Nf3 O-O 6. Bd3 b6 7. Bg5 Bb7 8. Nbd2
Nbd7 9. O-O h6 10. Bh4 c5 11. c3 cxd4 12. cxd4 Rc8 13. Qe2 Qc7 14. Nc4 1/2-1/2